| 000 | 00450nam a2200193Ia 4500 | ||
|---|---|---|---|
| 008 | 210210b1954 xxu||||| |||| 00| 0 eng d | ||
| 041 | _aeng | ||
| 082 | _a539/8 | ||
| 100 | _aBOWEN (Admiral Harold G) | ||
| 245 | _aShort history of technology | ||
| 260 |
_aNew Jersey _b- _c1954 |
||
| 300 | _a118 | ||
| 650 | _atechnology | ||
| 650 | _aShort | ||
| 650 | _ahistory | ||
| 690 | _aPhysics | ||
| 700 | _aKETTERING (Charles F) | ||
| 906 | _a009024 | ||
| 999 |
_c127771 _d127771 |
||